00709nam a2200217Ia 4500003000400000005001700004008004100021020002200062040000700084082002200091100003000113245003900143260004200182300001500224365001300239650001900252906004200271942001200313999001900325952014700344OSt20230518143021.0210423s2013 xx 000 0 und d a978-81-7890-242-5 cAL a581.0724 PRAA223 aPRASAD (Kirti K).9108304 aAdvanceds in plant tissue culture. aNew DelhibIVY Publishing Housec2013 aix,256bPB b750cINR aBotany9108305 aAdvanceds ; culture. ; plant ; tissue 2ddccBK c165106d165106 001040708BIOCaSACPGbSACPGd2013-12-12eAthulya Booksg750.00l1o581.0724 PRAApPG011604r2023-09-13 00:00:00s2023-09-06w2021-04-26yBK